| 000 | 00629nam a2200193 i 4500 | ||
|---|---|---|---|
| 001 | 48189 | ||
| 003 | ES-MaACL | ||
| 005 | 20251014063113.0 | ||
| 007 | t| | ||
| 008 | 950705s1862 fr ||||1| fre d | ||
| 040 |
_aCAM _bspa _cCAM |
||
| 100 | 1 |
_aChassang, Alexis, _d1827-1888 _9159366 |
|
| 245 | 1 | 0 |
_aHistoire du roman et de ses rapports avec l'histoire dans l'antiquité grecque et latine / _cpar A. Chassang. |
| 260 |
_aParis : _bDidier et Cie, _c1862. |
||
| 300 |
_a[4], IV, 472 p. ; _c22 cm. |
||
| 650 | 4 |
_aNovela griega- _xHistoria y crÃtica. _9159367 |
|
| 852 |
_aES-MaACL _jF-12746 |
||
| 999 |
_c48189 _d48189 |
||